|
|
|
|
| LEADER |
00000nab a2200000 a 4500 |
| 001 |
vtls011565779 |
| 003 |
SK-MaSNL |
| 005 |
20260304032237.0 |
| 008 |
160711 2016xo m 000 0 slo |
| 015 |
|
|
|a SNBBRB 2016/07
|
| 038 |
|
|
|a KEKMK
|
| 040 |
|
|
|a KEKMK
|b slo
|c KEKMK
|e AACR2
|
| 041 |
|
|
|a slo
|
| 044 |
|
|
|a xo
|c SK
|
| 100 |
1 |
|
|a Biely, Rudo
|4 aut
|9 1087645
|
| 245 |
1 |
0 |
|a Podmorská nádhera
|b Frajeri v prírode
|c Rudo Biely
|
| 650 |
0 |
7 |
|a literatúra pre deti a mládež
|2 kekmk
|9 21893
|
| 650 |
0 |
7 |
|a morské živočíchy
|2 kekmk
|9 67526
|
| 773 |
|
|
|t Zornička
|b časopis pre malých školákov
|g Roč. 67, č.jún - august 2016, s. 6-7
|x 0139-8962
|
| 958 |
|
|
|a DB
|
| 999 |
|
|
|c 2641995
|d 2643925
|